Desde el Banco Central
En este documento se analizan diversos aspectos de la política económica, particular y general, del Banco Central de Costa Rica (BCCR). El autor examina la política cambiaria, las tasas de interés, la política crediticia. Esta última en referencia a las instituciones no financieras como el Consejo N...
שמור ב:
| מחבר ראשי: | |
|---|---|
| פורמט: | Texto |
| יצא לאור: |
San José:
Academia de Centroamérica
|
| מהדורה: | 2 |
| נושאים: | |
| תגים: |
הוספת תג
אין תגיות, היה/י הראשונ/ה לתייג את הרשומה!
|
MARC
| LEADER | 00000 a a2200000 04500 | ||
|---|---|---|---|
| 001 | 13551 | ||
| 003 | |||
| 040 | |||
| 020 | |a 9977-21-007-1 | ||
| 022 | |a 9977-21-007-1 | ||
| 090 | |a 017600 | ||
| 100 | |a Lizano Fait, Eduardo | ||
| 245 | |a Desde el Banco Central | ||
| 250 | |a 2 | ||
| 260 | |a San José: |b Academia de Centroamérica | ||
| 300 | |a 201 p. | ||
| 300 | |b **no definido** | ||
| 520 | |a En este documento se analizan diversos aspectos de la política económica, particular y general, del Banco Central de Costa Rica (BCCR). El autor examina la política cambiaria, las tasas de interés, la política crediticia. Esta última en referencia a las instituciones no financieras como el Consejo Nacional de Producción -CNP- y la Corporación Costarricense de Desarrollo -CODESA-, las cuales tienen acceso directo al crédito. También se valora la intermediación del Banco Central en el campo financiero y su control sobre las pérdidas del mismo banco y sus consecuencias, así como las medidas para solucionar o contrarrestar tal situación. El autor examina las condiciones económicas del país , la necesidad imperiosa de la reactivación económica, protección aranclaria a las exportaciones agrícolas, el problema de la deuda externa, política económica y salarios. En el campo político propugna porque se mire en direcciones nuevas, independientes de ideologías políticas y centrados en la realidad. LOB/mb | ||
| 650 | |a POLITICA MONETARIA | ||
| 650 | |a POLITICA CREDITICIA | ||
| 650 | |a POLITICA ECONOMICA | ||
| 650 | |a PROTECCIONISMO | ||
| 650 | |a ESTABILIZACION ECONOMICA | ||
| 650 | |a SALARIOS | ||
| 650 | |a BANCOS COMERCIALES | ||
| 650 | |a CRECIMIENTO ECONOMICO | ||
| 650 | |a DEUDA EXTERNA | ||
| 650 | |a CONDICIONES ECONOMICAS | ||
| 650 | |a INGRESOS PUBLICOS | ||
| 650 | |a PERDIDA FINANCIERA | ||
| 650 | |a GASTOS PUBLICOS | ||
| 650 | |a PRODUCCION AGROPECUARIA | ||
| 650 | |a SUBSIDIOS | ||
| 650 | |a IMPORTACIONES | ||
| 999 | |c 16406 |d 16406 | ||



